Tribhuvan University Central Library

Basic English grammar (Record no. 49484)

MARC details
000 -LEADER
fixed length control field 00530 a2200205 4500
041 ## - LANGUAGE CODE
Language code of text/sound track or separate title Eng
082 ## - DEWEY DECIMAL CLASSIFICATION NUMBER
Classification number 428.24
Item number A216b
100 ## - MAIN ENTRY--PERSONAL NAME
Personal name Azar, Betty Schrampfer
100 ## - MAIN ENTRY--PERSONAL NAME
Personal name Matthies, Barbara, ed.
9 (RLIN) 6407
245 ## - TITLE STATEMENT
Title Basic English grammar
260 ## - PUBLICATION, DISTRIBUTION, ETC.
Place of publication, distribution, etc. New jersey
Name of publisher, distributor, etc. Prentice Hall
Date of publication, distribution, etc. 1984
300 ## - PHYSICAL DESCRIPTION
Extent xiv, 284p.
Other physical details illus.
650 ## - SUBJECT ADDED ENTRY--TOPICAL TERM
Topical term or geographic name entry element English grammar
650 ## - SUBJECT ADDED ENTRY--TOPICAL TERM
Topical term or geographic name entry element Text books
9 (RLIN) 6408
650 ## - SUBJECT ADDED ENTRY--TOPICAL TERM
Topical term or geographic name entry element Foreign speakers
9 (RLIN) 6409
650 ## - SUBJECT ADDED ENTRY--TOPICAL TERM
Topical term or geographic name entry element Grammar
9 (RLIN) 2028
653 ## - INDEX TERM--UNCONTROLLED
Uncontrolled term English language
942 ## - ADDED ENTRY ELEMENTS (KOHA)
Source of classification or shelving scheme Dewey Decimal Classification
Koha item type General Collections
518 ## - DATE/TIME AND PLACE OF AN EVENT NOTE
-- 2010-12-23
Holdings
Withdrawn status Lost status Source of classification or shelving scheme Damaged status Not for loan Home library Current library Date acquired Total Checkouts Barcode Date last seen Price effective from Koha item type
    Dewey Decimal Classification     Tribhuvan University Central Library Tribhuvan University Central Library 12/23/2010   G28790 12/23/2010 12/23/2010 Audio Visual Materials